Statistics for Similar-sized countries #4 - Ukraine

Click here to take the quiz!

General Stats

  • This quiz has been taken 43 times
  • The average score is 7 of 10

Answers on the Map

Answers color-coded by a green-red scale on the quiz's map according to % correct below.
 

Answer Stats

Area size (sq. km)Country% Correct
640,427France
94%
498,980Spain
86%
622,984Central African Republic
78%
644,329South Sudan
78%
510,890Thailand
75%
566,730Botswana
67%
569,140Kenya
67%
627,337Somalia
53%
555,000Yemen
42%
581,540Madagascar
39%

Score Distribution

Percentile by Number Answered

Percent of People with Each Score

Your Score History

You have not taken this quiz